| 000 | 00381pab a2200145 454500 | ||
|---|---|---|---|
| 008 | 180718b2000 xxu||||| |||| 00| 0 eng d | ||
| 100 | _aGylfason, Thorvaldur | ||
| 245 | _aResources, agriculture and economic growth in economics in transition | ||
| 260 | _c2000 | ||
| 300 | _ap.545-80 | ||
| 650 | _aAgriculture | ||
| 650 | _aEconomic growth | ||
| 773 | _aKyklos | ||
| 909 | _a47722 | ||
| 999 |
_c47722 _d47722 |
||